000 00265dam a22001097a 4500
999 _c2980
_d2980
008 190527e1985 ag ||||| |||| 00| 0 spa d
100 _aMurro, Hector
_9501
245 _aFisiologia de la sangre
250 _a1a ed.
260 _aBuenos Aires
_bCTM
_c1985
500 _aBaja